000 00300nam a2200133Ia 4500
008 230312s9999||||xx |||||||||||||| ||und||
082 _a658
_bIDR-N
100 _aM Idrees
245 0 _aNAT-IIM
300 _a363
546 _aEng.
650 _aManagement
_vEnhanced Analytical Reasoning
942 _cBK
999 _c7093
_d7093